[Event "Titled Tue 26th Aug Late"]
[Site "chess.com INT"]
[Date "2025.08.26"]
[Round "10"]
[White "Niemann, Hans Moke"]
[Black "Erigaisi, Arjun"]
[Result "0-1"]
[WhiteTitle "GM"]
[BlackTitle "GM"]
[WhiteElo "2736"]
[BlackElo "2776"]
[WhiteFideId "2093596"]
[BlackFideId "35009192"]
[EventDate "2025.08.26"]

1. e4 c5 2. Nf3 Nc6 3. Bb5 e6 4. O-O Nge7 5. Re1 Qc7 6. c3 a6 7. Bf1 d5 8. e5 c4
9. b3 b5 10. a4 Bb7 11. axb5 axb5 12. Rxa8+ Bxa8 13. Na3 Qb8 14. d4 Ng6 15. b4
Be7 16. g3 Nf8 17. h4 Nd7 18. h5 h6 19. Nh2 Nxb4 20. cxb4 Bxb4 21. Re3 Be7 22.
Nb1 b4 23. Ng4 Bc6 24. Bd2 Qa7 25. Qe1 Qxd4 26. Bxb4 Bxb4 27. Qxb4 Qxg4 28. Qd6
Bb7 29. Ra3 Qd4 30. Nc3 Qxe5 31. Nb5 Qxd6 32. Nxd6+ Ke7 33. Nxb7 Rc8 34. Na5 Kd6
35. Nb7+ Kc6 36. Ra7 Kb6 37. Nd6 Kxa7 38. Nxc8+ Kb8 39. Nd6 Ne5 40. f4 c3 41.
fxe5 c2 42. Nxf7 c1=Q 0-1

[Event "Titled Tue 26th Aug Late"]
[Site "chess.com INT"]
[Date "2025.08.26"]
[Round "10"]
[White "Becking, Stephan"]
[Black "Ocampos, Ian"]
[Result "1-0"]
[WhiteTitle "IM"]
[WhiteElo "2410"]
[BlackElo "2195"]
[WhiteFideId "4632478"]
[BlackFideId "117544"]
[EventDate "2025.08.26"]

1. d4 Nf6 2. Nf3 g6 3. c3 Bg7 4. Bg5 O-O 5. Bxf6 Bxf6 6. h4 c5 7. h5 cxd4 8.
hxg6 hxg6 9. cxd4 Nc6 10. e3 d6 11. Nc3 e5 12. dxe5 dxe5 13. Bb5 Bg4 14. Bxc6
bxc6 15. Qa4 Bxf3 16. gxf3 Rb8 17. Rb1 Qd3 18. Qd1 e4 19. Nxe4 Qxd1+ 20. Kxd1
Bxb2 21. Kc2 Bg7 22. Nc5 Rxb1 23. Rxb1 Rd8 24. Rb7 Rd5 25. Nb3 a5 26. Ra7 Rh5
27. Kd3 c5 28. Rxa5 Rh2 29. Rxc5 Rxf2 30. Nd2 Bf8 31. Rc8 Kg7 32. Rc2 Bb4 33. f4
f6 34. Rc7+ Kh6 35. Ne4 Rxa2 36. Nxf6 g5 37. f5 g4 38. Ke4 Kg5 39. Nd5 Bf8 40.
Rc8 Bd6 41. Rg8+ Kh4 42. f6 g3 43. f7 g2 44. Nf4 Bxf4 45. exf4 Ra4+ 46. Kf5 Ra5+
47. Ke4 Ra4+ 48. Kf3 1-0

[Event "Titled Tue 26th Aug Late"]
[Site "chess.com INT"]
[Date "2025.08.26"]
[Round "10"]
[White "Ferreira, Vitor Hugo Vieira"]
[Black "Dotzer, Lukas"]
[Result "1/2-1/2"]
[BlackTitle "IM"]
[WhiteElo "2128"]
[BlackElo "2472"]
[WhiteFideId "2119765"]
[BlackFideId "1666975"]
[EventDate "2025.08.26"]

1. e4 e5 2. Nf3 Nf6 3. Nxe5 d6 4. Nf3 Nxe4 5. d4 d5 6. Bd3 Be7 7. O-O Bf5 8. c4
O-O 9. cxd5 Nd6 10. Nc3 Nd7 11. Ne5 Bf6 12. Bf4 Nb6 13. Re1 Re8 14. Qf3 Bg6 15.
Nxg6 hxg6 16. Be5 Nd7 17. Qg3 Qe7 18. f4 Bh4 19. Bxd6 Qxe1+ 20. Rxe1 Bxg3 21.
Rxe8+ Rxe8 22. hxg3 cxd6 23. Nb5 Nf6 24. Nxd6 Rd8 25. Nxb7 Rxd5 26. Be2 Rxd4 27.
Bf3 Rd2 28. a4 Rxb2 29. a5 Nd7 30. g4 Rc2 31. g5 Nc5 32. Nd6 Kf8 33. Nc8 a6 34.
Nd6 Ra2 35. Nc4 Ra4 36. Bd5 Nd3 37. g3 Ra2 38. Bb7 Nc5 39. Bc8 Rc2 40. Nb6 Rb2
41. Bh3 Rb5 42. Nc4 Nb3 43. Bf1 Nxa5 44. Nd6 Rb1 45. Kf2 Nb3 46. Bxa6 Nc5 47.
Bc4 Rd1 48. Nxf7 Ne4+ 49. Ke2 Rd2+ 50. Ke3 Rc2 51. Bd3 Rc3 52. Ne5 Nxg3 53.
Nxg6+ Ke8 54. Ne5 Ra3 55. Kd4 Ra4+ 56. Kd5 Ra3 57. Bb5+ Kf8 58. Ke6 Kg8 59. f5
Re3 60. f6 gxf6 61. gxf6 Nh5 62. f7+ Kg7 63. Kd6 Rxe5 64. Kxe5 Kxf7 1/2-1/2

[Event "Titled Tue 26th Aug Late"]
[Site "chess.com INT"]
[Date "2025.08.26"]
[Round "10"]
[White "Haarh, Simon Bjork"]
[Black "Benedek, Istvan"]
[Result "1-0"]
[WhiteTitle "CM"]
[BlackTitle "CM"]
[WhiteElo "2195"]
[BlackElo "2214"]
[WhiteFideId "1470515"]
[BlackFideId "1230263"]
[EventDate "2025.08.26"]

1. e4 c5 2. Nf3 g6 3. d4 cxd4 4. Nxd4 Nc6 5. Nc3 Bg7 6. Be3 Nf6 7. Bc4 O-O 8.
Bb3 d6 9. f3 Bd7 10. Qd2 Rc8 11. g4 Nxd4 12. Bxd4 b5 13. Bxa7 b4 14. Ne2 Bxg4
15. fxg4 Nxe4 16. Qe3 Nc5 17. O-O-O Nxb3+ 18. Qxb3 Qa5 19. Bd4 e5 20. Be3 Rfd8
21. Rd5 Qc7 22. Rhd1 Ra8 23. Kb1 Ra6 24. g5 Rda8 25. Nc1 Rc6 26. h4 Rc8 27. R1d2
e4 28. Bd4 Bxd4 29. R5xd4 e3 30. Re2 Qa5 31. Rd3 Rc4 32. Rdxe3 Rxh4 33. Rf3 Rc7
34. Re8+ Kg7 35. Qe3 Rg4 36. Rg3 Qf5 37. Nd3 Qf1+ 38. Ne1 Rgc4 39. Rf3 Qh1 40.
Rf2 Qd5 41. Qf3 Rf4 42. Qxf4 Qd1+ 43. Qc1 Qd4 44. Rd2 Qf4 45. Rde2 Qg3 46. Nd3
b3 47. axb3 Qf3 48. Qe3 Qb7 49. Qd4+ f6 50. Qxf6# 1-0

[Event "Titled Tue 26th Aug Late"]
[Site "chess.com INT"]
[Date "2025.08.26"]
[Round "10"]
[White "Vazelakis, Dimitrios"]
[Black "Ciocan, Maria-Alexandra"]
[Result "0-1"]
[BlackTitle "WCM"]
[WhiteElo "1858"]
[BlackElo "1998"]
[WhiteFideId "4203674"]
[BlackFideId "1227130"]
[EventDate "2025.08.26"]

1. d4 Nf6 2. Nc3 d5 3. Bf4 a6 4. e3 b5 5. Bd3 c5 6. dxc5 Nc6 7. Nf3 e6 8. O-O
Bxc5 9. Ne5 Nxe5 10. Bxe5 O-O 11. Qf3 Be7 12. Rad1 Ra7 13. e4 d4 14. Ne2 Bc5 15.
h4 h6 16. g4 Nh7 17. Bg3 Bb7 18. Qf4 f6 19. e5 Qd5 20. f3 fxe5 21. Bxh7+ Kxh7
22. Qxe5 Rxf3 23. Qxd5 Bxd5 24. Be5 Rxf1+ 25. Kxf1 Rf7+ 26. Ke1 Bb4+ 27. c3 dxc3
28. bxc3 Ba5 29. Nf4 Bxa2 30. Rd6 Bc7 31. Nxe6 Bxd6 32. Bxd6 Bxe6 33. g5 hxg5
34. hxg5 Rd7 35. Be5 Kg6 36. Bd4 Kxg5 37. Kf2 g6 38. Ke3 Kf5 39. Kd2 g5 40. Ke2
g4 41. Kf2 Bc4 42. Kg2 Kf4 43. Kg1 g3 44. Kg2 Re7 45. Kg1 Re1+ 46. Kg2 Bd5+ 47.
Kh3 Rh1# 0-1

[Event "Titled Tue 26th Aug Late"]
[Site "chess.com INT"]
[Date "2025.08.26"]
[Round "10"]
[White "Rorrer, Grayson"]
[Black "Gkavardinas, Antonios"]
[Result "1-0"]
[WhiteTitle "IM"]
[BlackTitle "FM"]
[WhiteElo "2426"]
[BlackElo "2297"]
[WhiteFideId "30944996"]
[BlackFideId "25883097"]
[EventDate "2025.08.26"]

1. d4 g6 2. e4 Bg7 3. Nf3 d6 4. c3 Nf6 5. Bd3 O-O 6. O-O Nbd7 7. Re1 e5 8. h3 c6
9. a4 Qc7 10. Be3 Re8 11. Nbd2 Nf8 12. dxe5 dxe5 13. Nc4 Nh5 14. b4 Be6 15. Qc2
Nf4 16. Bf1 Nd7 17. Nfd2 Nb6 18. Nb2 Nd7 19. Nb3 Nf6 20. Nc4 Red8 21. a5 Qc8 22.
Kh2 N4h5 23. g3 Nd7 24. f3 Qc7 25. Qf2 f5 26. exf5 gxf5 27. Bxa7 e4 28. Bd4 Bxd4
29. Nxd4 Nf8 30. fxe4 fxe4 31. Rxe4 Bd5 32. Rg4+ Ng6 33. Bd3 Rf8 34. Qg1 Nf6 35.
Rg5 Ne4 36. Bxe4 Bxe4 37. Rf1 Rxf1 38. Qxf1 Rf8 39. Qe1 Bd5 40. Ne3 Qf7 41. Rf5
Qe7 42. Qf2 Rxf5 43. Ndxf5 Qe4 44. Nxd5 cxd5 45. Nh6+ Kg7 46. Ng4 1-0

[Event "Titled Tue 26th Aug Late"]
[Site "chess.com INT"]
[Date "2025.08.26"]
[Round "10"]
[White "Caprio, Guido"]
[Black "Tang, Zoey"]
[Result "1-0"]
[WhiteTitle "IM"]
[BlackTitle "FM"]
[WhiteElo "2435"]
[BlackElo "2381"]
[WhiteFideId "834580"]
[BlackFideId "30952530"]
[EventDate "2025.08.26"]

1. d4 Nf6 2. c4 e6 3. Nc3 Bb4 4. e3 d5 5. a3 Bxc3+ 6. bxc3 O-O 7. cxd5 exd5 8.
Bd3 c5 9. Ne2 Nc6 10. O-O Be6 11. f3 Rc8 12. Nf4 Qe7 13. g4 cxd4 14. cxd4 Na5
15. Bd2 Nc4 16. Bb4 Qd8 17. Bxc4 Rxc4 18. Bxf8 Qxf8 19. Nxe6 fxe6 20. Qb3 Qc8
21. Rf2 Rc3 22. Qb4 Rxe3 23. Qe7 h6 24. Kg2 Qc3 25. Rb1 b6 26. Qxa7 Qxd4 27.
Rxb6 Kh7 28. Rb7 Qxa7 29. Rxa7 d4 30. Rd2 e5 31. Rb2 Nd5 32. Rbb7 Nf4+ 33. Kg3
Re2 34. Rxg7+ Kh8 35. Rh7+ Kg8 36. Rxh6 Rg2+ 37. Kh4 Rxh2+ 38. Kg5 Rxh6 39. Kxh6
d3 40. Rd7 Kf8 41. a4 Ke8 42. Rd6 Ke7 43. Rb6 Ne2 44. a5 d2 45. Rb1 Nc1 46. Rb7+
Kd8 47. a6 d1=Q 48. a7 Qh1+ 49. Kg6 Qxf3 50. a8=Q# 1-0

[Event "Titled Tue 26th Aug Late"]
[Site "chess.com INT"]
[Date "2025.08.26"]
[Round "10"]
[White "Bonin, Jay"]
[Black "Zhukovskyi, Oleksandr"]
[Result "1-0"]
[WhiteTitle "IM"]
[BlackTitle "CM"]
[WhiteElo "2077"]
[BlackElo "2145"]
[WhiteFideId "2000644"]
[BlackFideId "14169371"]
[EventDate "2025.08.26"]

1. d4 Nf6 2. c3 g6 3. Bg5 Bg7 4. Nd2 d5 5. Bxf6 Bxf6 6. e4 dxe4 7. Nxe4 Bg7 8.
Nf3 O-O 9. Bc4 Nd7 10. O-O e5 11. dxe5 Nxe5 12. Nxe5 Bxe5 13. Qxd8 Rxd8 14. Ng5
Rf8 15. Rad1 Bf5 16. Rfe1 Bf4 17. Nxf7 Rxf7 18. Re7 Rf8 19. Bxf7+ Rxf7 20. Rd8+
Kg7 21. Rxf7+ Kxf7 22. Rb8 b6 23. b4 Be6 24. a4 Be5 25. Ra8 Bxc3 26. Rxa7 Bxb4
27. Rxc7+ Kf6 28. Rxh7 Ba5 29. h4 Bb3 30. g4 Bxa4 31. h5 gxh5 32. Rxh5 Bc3 33.
Rh6+ Kg5 34. Rxb6 Kxg4 35. Kg2 Bd1 36. Rg6+ Kf5 37. Rc6 Be5 38. Rc5 Bc2 39. Rxc2
Kf4 40. Rc4+ Kf5 41. Kf3 Bb8 42. Rc5+ Kf6 43. Ke4 Bh2 44. f4 Ke6 45. f5+ Kd6 46.
Ra5 Bg3 47. Ra6+ Ke7 48. f6+ Kf7 49. Kf5 Bf2 50. Rd6 Kf8 51. Rd7 Ke8 52. Ke6 Bc5
53. f7+ Kf8 54. Rd8+ Kg7 55. Rg8+ Kh7 56. f8=Q Bd4 57. Qf7+ Kh6 58. Qg6# 1-0

[Event "Titled Tue 26th Aug Late"]
[Site "chess.com INT"]
[Date "2025.08.26"]
[Round "10"]
[White "Kurpiewski, Slawomir"]
[Black "Shapiro, Daniel"]
[Result "1-0"]
[WhiteTitle "CM"]
[BlackTitle "FM"]
[WhiteElo "1973"]
[BlackElo "2284"]
[WhiteFideId "1114530"]
[BlackFideId "2001780"]
[EventDate "2025.08.26"]

1. f4 Nf6 2. Nf3 c5 3. g3 Nc6 4. d3 d6 5. Bg2 g6 6. O-O Bg7 7. c3 O-O 8. Qe1 Bd7
9. e4 Ne8 10. h3 Nc7 11. Nbd2 f5 12. e5 dxe5 13. fxe5 Ne6 14. a4 Qc7 15. Nc4 b6
16. Bf4 a6 17. Qe3 Nxf4 18. gxf4 h6 19. h4 Be6 20. Rad1 Rad8 21. Kf2 b5 22. axb5
axb5 23. Na3 b4 24. Nc4 Na5 25. Nxa5 Qxa5 26. c4 Rd7 27. Rd2 Rfd8 28. Rfd1 Kf7
29. Bf1 Qb6 30. b3 Ra8 31. d4 cxd4 32. Rxd4 Ra2+ 33. Kg3 Rda7 34. R4d3 Qxe3 35.
Rxe3 Rb2 36. Nd4 Ra3 37. Bg2 g5 38. Nxe6 Kxe6 39. Bd5+ Kd7 40. Be4+ Ke6 41. Bd5+
Kd7 42. hxg5 hxg5 43. Be4+ Ke6 44. Bd5+ Kd7 45. Bf7+ Kc7 46. Red3 Rbxb3 47. Rxb3
Rxb3+ 48. Kf2 gxf4 49. Be6 Bxe5 50. Rd7+ Kc6 51. Rxe7 Re3 52. Bxf5 b3 53. Re8 b2
54. Rc8+ Kb7 55. Rc5 Bc7 56. Rb5+ Bb6 57. Kf1 1-0

[Event "Titled Tue 26th Aug Late"]
[Site "chess.com INT"]
[Date "2025.08.26"]
[Round "10"]
[White "Livaic, Leon"]
[Black "Andreikin, Dmitry"]
[Result "0-1"]
[WhiteTitle "GM"]
[BlackTitle "GM"]
[WhiteElo "2550"]
[BlackElo "2695"]
[WhiteFideId "14531534"]
[BlackFideId "4158814"]
[EventDate "2025.08.26"]

1. d4 Nf6 2. c4 g6 3. Nc3 Bg7 4. e4 d6 5. h3 O-O 6. Be3 Nc6 7. d5 Ne5 8. f4 Ned7
9. g4 c6 10. Nf3 a6 11. Bd3 cxd5 12. cxd5 b5 13. O-O Nc5 14. a3 h5 15. g5 Nfd7
16. Kh2 Nb6 17. Rc1 Qd7 18. f5 Nxd3 19. Qxd3 Nc4 20. Bd4 gxf5 21. Bxg7 fxe4 22.
Nxe4 Qxh3+ 23. Kg1 Kxg7 24. Rc2 Bf5 25. Rg2 Bg6 26. Qc3+ Kh7 27. Nf2 Qf5 28. b3
Ne5 29. Nd4 Qf4 30. Nh3 Qe4 31. Nf4 Rac8 32. Qd2 Rc5 33. Re2 Rc2 34. Nxc2 Nf3+
35. Rxf3 Qxf3 36. Nd4 Qg4+ 37. Rg2 Qc8 38. Qe3 Qc5 39. b4 Qc7 40. Kh2 Rg8 41.
Rf2 Bb1 42. Nc6 Qd7 43. Qxe7 Qxe7 44. Nxe7 Rxg5 45. Nh3 Re5 46. Nf5 Bxf5 47.
Ng5+ Kg7 48. Nf3 Rxd5 49. Nd2 Bg6 50. Nf1 Rd3 51. Ng3 Rxa3 52. Rf1 Rb3 53. Ne2
Rb2 0-1

[Event "Titled Tue 26th Aug Late"]
[Site "chess.com INT"]
[Date "2025.08.26"]
[Round "10"]
[White "Kravtsiv, Martyn"]
[Black "Popov, Konstantin"]
[Result "1-0"]
[WhiteTitle "GM"]
[BlackTitle "IM"]
[WhiteElo "2598"]
[BlackElo "2397"]
[WhiteFideId "14113147"]
[BlackFideId "34137910"]
[EventDate "2025.08.26"]

1. e4 c5 2. Nc3 d6 3. f4 g6 4. Nf3 Bg7 5. Bb5+ Nc6 6. d3 Bd7 7. Bc4 Na5 8. Bd2
Nxc4 9. dxc4 Bc6 10. Qe2 a6 11. e5 dxe5 12. O-O-O Qc7 13. Nxe5 Nf6 14. Nxc6 Qxc6
15. g4 e6 16. f5 O-O-O 17. g5 Nd7 18. f6 Bf8 19. Ne4 h6 20. Kb1 b6 21. Bf4 e5
22. Bc1 Qe6 23. Rd5 Nb8 24. Rhd1 Rxd5 25. cxd5 Qd7 26. d6 Nc6 27. Qxa6+ Qb7 28.
d7+ Kc7 29. Qxb7+ Kxb7 30. d8=Q Nxd8 31. Rxd8 Kc7 32. Ra8 Kb7 33. Re8 Kc7 34.
gxh6 Kd7 35. Ra8 Ke6 36. h4 Kf5 37. Ng5 Kxf6 38. h7 Kg7 39. Ra7 Kh6 40. Rxf7 Kh5
41. Ne6 Bd6 42. Bg5 e4 43. Bf6 e3 44. Kc1 Re8 45. Kd1 Rxe6 46. h8=Q+ Kg4 47. Ke2
Bf4 48. Qg8 Rd6 49. Bd4 Kh3 50. Qf8 Rxd4 51. Rxf4 Rd2+ 52. Kxe3 1-0

[Event "Titled Tue 26th Aug Late"]
[Site "chess.com INT"]
[Date "2025.08.26"]
[Round "10"]
[White "Sheehan, Ethan"]
[Black "Adharsh K"]
[Result "1-0"]
[BlackTitle "FM"]
[WhiteElo "2323"]
[BlackElo "2346"]
[WhiteFideId "30943965"]
[BlackFideId "25718207"]
[EventDate "2025.08.26"]

1. d4 Nf6 2. Nf3 e6 3. Bf4 d5 4. e3 Be7 5. Nbd2 O-O 6. Bd3 c5 7. dxc5 Bxc5 8.
O-O Nc6 9. a3 Re8 10. c4 e5 11. Bg5 e4 12. cxd5 Qxd5 13. Bc4 Qf5 14. Bxf6 exf3
15. Bc3 fxg2 16. Re1 Be6 17. Bxe6 Qxe6 18. Qf3 Rad8 19. Qxg2 f6 20. Rad1 Rd5 21.
Bxf6 Bf8 22. Bc3 Ne7 23. Ne4 Kh8 24. Ng5 Qf5 25. Nf3 Rxd1 26. Rxd1 Ng6 27. h3 b5
28. Qg4 Qc2 29. Nd4 Qa4 30. Nf5 Qb3 31. Rd7 Ne5 32. Nxg7 Nxg4 33. Nxe8+ Kg8 34.
hxg4 Bxa3 35. Nf6+ Kf8 36. Nxh7+ Ke8 37. Nf6+ Kf8 38. Bd4 Be7 39. g5 Bxf6 40.
Bxf6 Qc4 41. f3 Qh4 42. Kg2 Qh5 43. e4 Qg6 44. Rxa7 b4 45. Ra8+ Kf7 46. Ra7+ Ke6
47. Kg3 Qh5 48. Re7+ Kd6 49. Kf4 Qh2+ 50. Kf5 Qh3+ 51. Kg6 Qxf3 52. Kg7 b3 53.
e5+ Kd5 54. e6 Qg4 55. Re8 Qf5 56. e7 Ke6 57. Rf8 1-0

[Event "Titled Tue 26th Aug Late"]
[Site "chess.com INT"]
[Date "2025.08.26"]
[Round "10"]
[White "Ragger, Markus"]
[Black "Arabidze, Meri"]
[Result "1-0"]
[WhiteTitle "GM"]
[BlackTitle "IM"]
[WhiteElo "2569"]
[BlackElo "2444"]
[WhiteFideId "1610856"]
[BlackFideId "13604040"]
[EventDate "2025.08.26"]

1. d4 Nf6 2. c4 e6 3. Nf3 Bb4+ 4. Bd2 Qe7 5. g3 Nc6 6. a3 Bxd2+ 7. Qxd2 d5 8.
Qc2 O-O 9. Bg2 Bd7 10. O-O Ne4 11. Nc3 Nxc3 12. Qxc3 Rfc8 13. b4 b6 14. Rfc1 Be8
15. Rab1 h6 16. b5 Na5 17. cxd5 exd5 18. Ne5 c6 19. Qd3 Qd6 20. bxc6 Nxc6 21.
Qf5 Nxd4 22. Nxf7 Nxf5 23. Nxd6 Nxd6 24. Bxd5+ Bf7 25. Bxa8 Rxa8 26. Rc7 b5 27.
Rd1 Ne8 28. Rb7 Bc4 29. e4 a5 30. f4 a4 31. e5 Bb3 32. Rdd7 Be6 33. Re7 Bc4 34.
f5 Rd8 35. Red7 Rxd7 36. Rxd7 b4 37. axb4 a3 38. Ra7 a2 39. b5 Bxb5 40. Rxa2 Bd3
41. g4 h5 42. h3 hxg4 43. hxg4 Nc7 44. Kf2 Nd5 45. Ra5 Nc3 46. Ke3 Be2 47. Kf4
Nd1 48. Ra8+ Kh7 49. e6 Nf2 50. e7 Bb5 51. e8=Q Bxe8 52. Rxe8 Nh3+ 53. Kg3 Ng5
54. Kh4 Nf7 55. g5 Nd6 56. g6+ Kh6 57. Rh8# 1-0

[Event "Titled Tue 26th Aug Late"]
[Site "chess.com INT"]
[Date "2025.08.26"]
[Round "10"]
[White "Sroczynski, Maciej"]
[Black "Babiarz, Arkadiusz"]
[Result "1-0"]
[WhiteTitle "FM"]
[BlackTitle "CM"]
[WhiteElo "2236"]
[BlackElo "2172"]
[WhiteFideId "1121472"]
[BlackFideId "21804362"]
[EventDate "2025.08.26"]

1. d4 Nf6 2. c4 e6 3. Nf3 c5 4. d5 exd5 5. cxd5 d6 6. Nc3 g6 7. e4 Bg7 8. h3 O-O
9. Bd3 b5 10. Bxb5 Nxe4 11. Nxe4 Qa5+ 12. Nfd2 Qxb5 13. Nxd6 Qa6 14. N2c4 Nd7
15. O-O Nb6 16. Nxb6 Qxb6 17. Nxc8 Raxc8 18. Qc2 Rfd8 19. Rd1 c4 20. Be3 Qxb2
21. Rac1 Rd7 22. Qa4 Rcd8 23. Qxc4 Qb7 24. Bg5 Re8 25. d6 Be5 26. Be7 h5 27. Rb1
Qc8 28. Qb5 Bg7 29. a4 Bf8 30. Bxf8 Kxf8 31. Rbc1 Qd8 32. Rc6 Kg8 33. a5 Re6 34.
a6 Rexd6 35. Rcxd6 Rxd6 36. Re1 Re6 37. Rxe6 fxe6 38. Qc6 Qd5 39. Qxd5 exd5 40.
Kf1 Kf7 41. Ke2 Ke6 42. Ke3 Ke5 43. f4+ Kd6 44. g4 hxg4 45. hxg4 Kc6 46. Kd4 Kb6
47. Kxd5 Kxa6 48. f5 gxf5 49. gxf5 Kb5 50. f6 a6 51. f7 a5 52. f8=Q a4 53. Qa3 1-0

[Event "Titled Tue 26th Aug Late"]
[Site "chess.com INT"]
[Date "2025.08.26"]
[Round "10"]
[White "Hariharan, Shambavi"]
[Black "Malassagne, Isabelle"]
[Result "0-1"]
[WhiteTitle "WCM"]
[BlackTitle "WFM"]
[WhiteElo "2069"]
[BlackElo "2134"]
[WhiteFideId "488160"]
[BlackFideId "20670265"]
[EventDate "2025.08.26"]

1. d4 Nf6 2. c4 c5 3. d5 b5 4. Nf3 e6 5. Bg5 exd5 6. cxd5 d6 7. Nbd2 Be7 8. e4
a6 9. Be2 O-O 10. O-O Nbd7 11. a4 Rb8 12. axb5 axb5 13. Re1 Nxd5 14. exd5 Bxg5
15. Nxg5 Qxg5 16. Ne4 Qg6 17. Bd3 c4 18. Bc2 f5 19. Ng3 Ne5 20. Qd4 Qf6 21. Kh1
Bd7 22. Ra7 Rf7 23. h3 Rd8 24. Qb6 Rdf8 25. f4 Nd3 26. Bxd3 cxd3 27. Rd1 Qxb2
28. Qxd6 Qf2 29. Rxd7 Qxg3 30. Rxf7 Rxf7 31. Qe6 Qxf4 32. Qe8+ Rf8 33. Qe6+ Kh8
34. d6 Qd4 35. Qe7 Rg8 36. d7 d2 37. Qe8 h6 38. Qf7 b4 39. Qxf5 b3 40. Qb1 Rd8
41. Qxb3 Rxd7 42. Qc2 Rd8 43. Kh2 Qf2 44. Kh1 Qe2 45. Kh2 Qe3 46. Kh1 Qf4 47.
Kg1 Qe3+ 48. Kh1 Qe1+ 49. Kh2 Qe3 0-1

[Event "Titled Tue 26th Aug Late"]
[Site "chess.com INT"]
[Date "2025.08.26"]
[Round "10"]
[White "Przybylski, Wojciech"]
[Black "Storey, Charles H"]
[Result "0-1"]
[WhiteTitle "FM"]
[BlackTitle "FM"]
[WhiteElo "2340"]
[BlackElo "2095"]
[WhiteFideId "1117599"]
[BlackFideId "406686"]
[EventDate "2025.08.26"]

1. e4 g6 2. d4 Bg7 3. Nc3 c5 4. Nf3 Qa5 5. Be3 Nf6 6. Qd2 Nc6 7. Be2 cxd4 8.
Nxd4 Nxe4 9. Nxc6 Qxc3 10. bxc3 Nxd2 11. Bd4 Bxd4 12. cxd4 Ne4 13. Ne5 f6 14.
Nc4 Nc3 15. Bd3 d5 16. Ne3 Bd7 17. Kd2 Rc8 18. a4 e6 19. a5 Bb5 20. Rhc1 Kd7 21.
Bxb5+ Nxb5 22. a6 b6 23. c3 Nd6 24. f3 Nc4+ 25. Nxc4 Rxc4 26. Ra3 Rhc8 27. Re1
Kd6 28. f4 h6 29. h4 Rg8 30. Re3 g5 31. hxg5 hxg5 32. Rg3 g4 33. Ra1 f5 34. Re3
Rh8 35. Kd3 Kd7 36. Re2 Rh2 37. Rae1 Rc6 38. Ra1 Rh4 39. Rae1 b5 40. Ra1 g3 41.
Re3 Rg4 42. Rf3 Kc7 43. Ra2 Kb6 44. Ra1 Rc4 45. Re1 Rc6 46. Ra1 Rg7 47. Re3 Rgc7
48. Kd2 b4 49. cxb4 Rc2+ 50. Kd1 Rxg2 51. Raa3 Rcc2 52. Rxg3 Rgd2+ 53. Ke1 Rh2 0-1

[Event "Titled Tue 26th Aug Late"]
[Site "chess.com INT"]
[Date "2025.08.26"]
[Round "10"]
[White "Kawka, Milena"]
[Black "Weisz, Bryan"]
[Result "1-0"]
[WhiteTitle "WCM"]
[WhiteElo "2017"]
[BlackElo "2078"]
[WhiteFideId "21095167"]
[BlackFideId "30934133"]
[EventDate "2025.08.26"]

1. e4 e6 2. d4 d5 3. Bd3 Bd6 4. e5 Bf8 5. f4 c5 6. c3 Nc6 7. Nf3 Qb6 8. Na3 cxd4
9. cxd4 Bb4+ 10. Kf1 Bxa3 11. bxa3 Bd7 12. Rb1 Qc7 13. Bd2 Nge7 14. g3 O-O 15.
Kg2 Nf5 16. Bxf5 exf5 17. Qb3 b6 18. Qxd5 Be6 19. Qb5 Qb7 20. d5 Bxd5 21. Qxd5
Rfd8 22. Qb3 Rxd2+ 23. Kh3 Na5 24. Qe3 Rxa2 25. Rhd1 Qe7 26. Qd3 Rxa3 27. Qd5 h6
28. Rbc1 Rf8 29. Nd4 g6 30. e6 Kg7 31. Nb5 fxe6 32. Qe5+ Qf6 33. Qxf6+ Kxf6 34.
Nxa3 g5 35. fxg5+ hxg5 36. Kg2 Nb3 37. Rc3 Nc5 38. Nb5 Ne4 39. Rc6 a6 40. Nc7
Nc5 41. Rxb6 Rc8 42. Rc6 Ne4 43. Rxe6+ Kf7 44. Rc6 Rb8 45. Rd7+ Kf8 46. Ne6+ Kg8
47. Rg7+ Kh8 48. Rcc7 Rb2+ 49. Kf1 Nd2+ 50. Ke1 Nf3+ 51. Kd1 1-0

[Event "Titled Tue 26th Aug Late"]
[Site "chess.com INT"]
[Date "2025.08.26"]
[Round "10"]
[White "Steinberg, Nitzan"]
[Black "Rustemov, Alexander"]
[Result "1-0"]
[WhiteTitle "GM"]
[BlackTitle "GM"]
[WhiteElo "2554"]
[BlackElo "2525"]
[WhiteFideId "2801795"]
[BlackFideId "4119002"]
[EventDate "2025.08.26"]

1. Nf3 d5 2. g3 c6 3. Bg2 Bf5 4. O-O e6 5. d3 h6 6. Nbd2 Nf6 7. Qe1 Be7 8. e4
Bh7 9. Qe2 O-O 10. Re1 Nbd7 11. e5 Ne8 12. Nf1 Nc7 13. h4 Re8 14. N1h2 Bf8 15.
g4 Be7 16. g5 h5 17. Nd2 g6 18. Nhf3 Bf8 19. d4 Bg7 20. c4 dxc4 21. Nxc4 Bf8 22.
Bf4 Nd5 23. Bg3 N7b6 24. Ncd2 Be7 25. Ne4 Kg7 26. Rac1 Qd7 27. a3 Red8 28. Red1
Rac8 29. Nfd2 Qe8 30. Nf6 Qf8 31. Nde4 Rc7 32. Qf3 Bg8 33. Bf1 Kh8 34. Bd3 Qg7
35. Nxh5 gxh5 36. Nf6 Qg6 37. Bxg6 fxg6 38. Nxh5 gxh5 39. Qxh5+ Kg7 40. Rd3 Rf8
41. Rcd1 Rf5 42. Qh6+ Kf7 43. g6+ Ke8 44. Qh8 Kf8 45. h5 Bg5 46. h6 Bxh6 47.
Qxh6+ Rg7 48. Bh4 Nd7 49. Rg3 Nf4 50. Kh2 Nh5 51. Rg2 Nf4 52. Rg4 Nh5 53. Rd3
Nf4 54. Rf3 Nd5 55. Rxf5+ exf5 56. Rg5 Ne7 57. Rg2 1-0

[Event "Titled Tue 26th Aug Late"]
[Site "chess.com INT"]
[Date "2025.08.26"]
[Round "10"]
[White "Korchynskyi, Mykola"]
[Black "Terry, Renato"]
[Result "0-1"]
[WhiteTitle "FM"]
[BlackTitle "IM"]
[WhiteElo "2359"]
[BlackElo "2508"]
[WhiteFideId "34138005"]
[BlackFideId "3803457"]
[EventDate "2025.08.26"]

1. d4 e6 2. Nf3 Nf6 3. Bf4 b6 4. e3 Bb7 5. Bd3 Bd6 6. Bg3 h6 7. O-O Bxg3 8. fxg3
d6 9. Nbd2 Nbd7 10. Qe2 a6 11. Rad1 Qe7 12. e4 e5 13. d5 O-O 14. h3 g6 15. Kh2
Nh5 16. Rf2 b5 17. Rdf1 c6 18. dxc6 Bxc6 19. a4 bxa4 20. Nc4 Nc5 21. Ne3 Nxe4
22. Bxe4 Bxe4 23. Ng4 Bxf3 24. Rxf3 f5 25. Ne3 e4 26. Rxf5 gxf5 27. Qxh5 Qg5 28.
Qe2 Rf7 29. Nd5 Kh7 30. Qc4 Rg8 31. Qc3 Qg7 32. Qe3 Qe5 33. Nf4 Rfg7 34. Ne2 Rg5
35. Rf4 Qxb2 36. Qa7+ R8g7 37. Qxa6 Qxc2 38. Qb5 Qc5 39. Qe8 Qe5 40. Qxa4 d5 41.
Qb5 Rxg3 42. Kh1 Rxg2 43. Qa6 R2g6 44. Qb5 Rg5 45. Qb3 Qa1+ 46. Kh2 Qe5 47. Qe3
Qd6 48. Kh1 Rg2 49. h4 Qg6 50. Rf1 Rg4 51. Qh3 Qh5 52. Rf4 Qg6 53. Rf2 d4 54. h5
Qg5 55. Nxd4 Qc1+ 56. Kh2 Qg1# 0-1

[Event "Titled Tue 26th Aug Late"]
[Site "chess.com INT"]
[Date "2025.08.26"]
[Round "10"]
[White "Pica, Eleni"]
[Black "Miserendino, Alfredo"]
[Result "1-0"]
[WhiteTitle "WCM"]
[WhiteElo "1743"]
[BlackElo "2032"]
[WhiteFideId "5910005"]
[BlackFideId "101800"]
[EventDate "2025.08.26"]

1. d4 c5 2. d5 e6 3. c4 Nf6 4. Nc3 exd5 5. cxd5 d6 6. Nf3 Be7 7. Nd2 O-O 8. Nc4
a6 9. a4 Nbd7 10. Bf4 Ne8 11. e4 Rb8 12. a5 b5 13. axb6 Nxb6 14. Qc2 Nxc4 15.
Bxc4 Qb6 16. b3 Bf6 17. O-O Nc7 18. Na4 Qb7 19. Rad1 Nb5 20. Bxb5 axb5 21. Nc3
Rd8 22. Bg3 h6 23. f4 Bd4+ 24. Bf2 Bxf2+ 25. Qxf2 Bd7 26. f5 f6 27. g4 Ra8 28.
h4 Ra3 29. Rb1 b4 30. Ne2 Bb5 31. g5 Ra2 32. Rbe1 hxg5 33. hxg5 fxg5 34. f6 Qf7
35. fxg7 Qxf2+ 36. Rxf2 Bxe2 37. Rfxe2 Rda8 38. Re3 Kxg7 39. Rg3 Kg6 40. e5 Ra1
41. Rxa1 Rxa1+ 42. Kf2 dxe5 43. Ke3 Re1+ 44. Kd2 Rb1 45. Kc2 Re1 46. d6 Re4 47.
d7 Rd4 48. Rd3 1-0